Buscando nuestra propia medicina /
Збережено в:
| Автор: | |
|---|---|
| Формат: | Книга |
| Мова: | Spanish |
| Опубліковано: |
San José, Costa Rica
Centro de Estudios y Publicaciones Alforja ; Unión de Comunidades Campesinas, UCCAM
|
| Предмети: | |
| Теги: |
Додати тег
Немає тегів, Будьте першим, хто поставить тег для цього запису!
|
MARC
| LEADER | 00000nam a22000007a 4500 | ||
|---|---|---|---|
| 003 | cru CIDCACS/IIS | ||
| 005 | 20220420104615.0 | ||
| 008 | 180112b1990 cr |||||||||||||| ||spa d | ||
| 040 | |c cru CIDCACS/IIS | ||
| 090 | |a 15.07.01 C512b | ||
| 100 | 1 | |9 6360 |a Chaves, José Antonio |e Autor | |
| 245 | 1 | 0 | |a Buscando nuestra propia medicina / |c texto y diseño José Antonio Chaves y Equipo campesino CEP-Alforja; dibujos y diagramación Ferreol Murillo |
| 260 | |a San José, Costa Rica |b Centro de Estudios y Publicaciones Alforja ; Unión de Comunidades Campesinas, UCCAM | ||
| 300 | |a 7 páginas | ||
| 500 | |a Colección Alforja | ||
| 650 | 1 | 0 | |9 1412 |a MEDICINA TRADICIONAL |0 TESAUROS |
| 650 | 1 | 0 | |9 3870 |a PLANTAS MEDICINALES |0 TESAUROS |
| 650 | 1 | 0 | |9 88 |a MUJERES |0 TESAUROS |
| 650 | 1 | 0 | |9 113 |a PARTICIPACION DE LA MUJER |0 TESAUROS |
| 651 | 1 | 0 | |9 32 |a COSTA RICA |z Chánguena, Potrero Grande, Buenos Aires, Puntarenas |
| 942 | |2 ddc |c LI |h 15.07.01 C512b |i 21538 |6 150701_C512B_21538 | ||
| 999 | |c 40808 |d 40808 | ||
